000 00557nam a22002057a 4500
003 bpm
005 20260416120705.0
008 260416b |||||||| |||| 00| 0 por d
020 _a9788574308197
024 _aS. C. C. / M. C. y E. M.:
040 _aAR-CtUCP
041 _aspa
080 _aCDU
100 _aDa Costa Söhngen Clarice Beatriz
245 _aEncontros entre direito e literatura :
_bpensar a arte
260 _aPorto Alegre
_bEDIPUCRS
_c2008
650 _aDerecho - Literatura - Sistema jurídico
942 _cLIB
999 _c76655
_d76655